Sports Quiz

Random Sports Quiz

80s and 90s Wrestlers Dead or Alive Quiz Stats

 Plays Quiz not verified by Sporcle

Score 0/50 Timer 04:00
0 Plays Today
Wrestler Dead or Alive % Correct
Hulk Hogan???
96.5%
Mr Perfect ???
92.6%
Owen Hart???
87.7%
Bret Hart???
84.2%
Andre the Giant???
84.2%
Jake The Snake Roberts???
80.5%
Hacksaw Jim Duggan???
78.9%
Miss Elizabeth???
78.3%
Texas Tornado???
77.3%
Big Bossman???
76.2%
Earthquake???
75.2%
Gorilla Monsoon???
75.2%
Sensational Queen Sherri???
74.3%
Legion of Doom Hawk???
73.9%
The Million Dollar Man???
72.9%
Bam Bam Bigelow???
72.5%
Jim The Anvil Neidhart???
70.2%
Bushwacker Butch???
70.1%
Macho Man Randy Savage???
70.1%
The British Bulldog Davey Boy Smith ???
69.7%
Legion of Doom Animal???
69.2%
Bushwacker Luke???
69%
Brutus The Barber Beefcake???
67.3%
Jimmy Hart???
67.3%
Honky Tonk Man???
66.9%
Wrestler Dead or Alive % Correct
Demolition Crush???
66.2%
Greg The Hammer Valentine???
65.8%
Demolition Smash???
65.1%
Demolition Ax???
64.8%
Superfly Jimmy Snuka???
63.2%
Tito Santana???
62.9%
Big John Studd???
62.3%
Bobby The Brain Heenan???
62.1%
Brother Love???
61.6%
Haku???
60.6%
Rick The Model Martel???
60.2%
Dino Bravo???
60.2%
Virgil???
59.5%
Koko B Ware???
59%
The Doctor of Style Slick???
56.2%
The Barbarian???
55.6%
The Red Rooster???
55.6%
Rowdy Roddy Piper???
53.2%
Sweet Sapphire???
52.8%
Tugboat???
52.6%
The Warlord???
51.9%
Dusty Rhodes ???
51.2%
Bad News Brown???
51.2%
Ultimate Warrior???
43.5%
Mr Fuji???
40.7%

You're not logged in!

Compare scores with friends on all Sporcle quizzes.
OR
Log In

Show Comments

Extras

Created Feb 22, 2012ReportNominate
Tags:1980s, 1990s, alive, death, wrestlers

Top Quizzes Today


Score Distribution

Your Account Isn't Verified!

In order to create a playlist on Sporcle, you need to verify the email address you used during registration. Go to your Sporcle Settings to finish the process.

Report this User

Report this user for behavior that violates our Community Guidelines.

Details: